Score 0/20 Timer 05:00
0 Plays Today
% Correct
Jonathan Frakes
100%
Terry Farrell
100%
Robert Ducan McNeill
100%
James Cromwell
100%
Meg Foster
100%
Andrew J. Robinson
100%
Louise Fletcher
100%
Nana Visitor
50%
John de Lancie
50%
Tim Russ
50%
% Correct
Ethan Phillips
50%
Brent Spiner
50%
Dean Stockwell
50%
Gwynyth Walsh
50%
Jimmie F. Skaggs
50%
Robert Schenkkan
50%
Nan Martin
50%
Kenneth Mars
50%
Robert Knepper
50%
Richard Kiley
0%

You're not logged in!

Compare scores with friends on all Sporcle quizzes.
OR
Log In

Sporcle TV

Today on Sporcle TV


Watch our educational content, quiz creation guides, and fun videos on Sporcle TV.

Show Comments

Extras

Top Quizzes Today


Score Distribution

Paid Content

Your Account Isn't Verified!

In order to create a playlist on Sporcle, you need to verify the email address you used during registration. Go to your Sporcle Settings to finish the process.

Report this User

Report this user for behavior that violates our Community Guidelines.

Details: